|
|
|
|
| LEADER |
00832nam a22002412a 4500 |
| 001 |
001397903 |
| 003 |
CZ BrMZK |
| 005 |
20140926115051.0 |
| 007 |
ta |
| 008 |
140626s1961 xo er|||||||||||slo d |
| 040 |
|
|
|a ABA007
|b cze
|d ABA007
|d BOA001
|
| 100 |
1 |
|
|a Paška, Pavel,
|d 1917-2013
|7 mzk2002144649
|4 aut
|
| 245 |
1 |
0 |
|a 40 rokov na čele ľudu :
|b repertoárový sborník /
|c zostavil P. Paška
|
| 246 |
3 |
3 |
|a Štyridsať rokov na čele ľudu
|
| 250 |
|
|
|a 1. vyd.
|
| 260 |
|
|
|a Bratislava :
|b Osveta,
|c 1961
|
| 300 |
|
|
|a 241 s.
|
| 504 |
|
|
|a Obsahuje bibliografii
|
| 910 |
|
|
|a BOA001
|b 2-0452.281
|
| 990 |
|
|
|a BK
|
| 991 |
|
|
|b 201406
|
| 996 |
7 |
|
|b 2619084846
|c 2-0452.281
|l MZK
|r Sklad / do 24 hodin
|n 0
|w 001432891
|u 000020
|a 1
|e BOA001
|j MZK50
|s A
|
| 996 |
7 |
|
|b 2619084847
|c 2-0452.281
|l MZK
|r Sklad / do 24 hodin
|n 0
|w 001432891
|u 000010
|a 1
|e BOA001
|j MZK50
|s A
|